[Event "Gibraltar Challengers-A 13th"]
[Site "Caleta"]
[Date "2015.01.26"]
[Round "1"]
[White "Rios Gonzalez, Jose Antonio"]
[Black "Kuhne, Detlev"]
[Result "1/2-1/2"]
[WhiteElo "1933"]
[BlackElo "2131"]
[PlyCount "55"]
[EventDate "2015.01.26"]
[EventType "swiss"]
[EventRounds "5"]
[EventCountry "GGB"]
[SourceTitle "CBM 164 Extra"]
[Source "ChessBase"]
[SourceDate "2015.03.02"]
[SourceVersion "1"]
[SourceVersionDate "2015.03.02"]
[SourceQuality "1"]

1. d4 d5 2. c4 c6 3. Nf3 Nf6 4. Nc3 a6 5. g3 e6 6. Bg2 Nbd7 7. 0-0 Be7 8. b3 0-0 9. Bb2 b5 10. Qc2 Bb7 11. a3 bxc4 12. bxc4 c5 13. Rfd1 Qc7 14. cxd5 Nxd5 15. Na4 cxd4 16. Qxc7 Nxc7 17. Rxd4 Nf6 18. Ne5 Bxg2 19. Kxg2 Nb5 20. Nc6 Rfe8 21. Rd3 Rac8 22. Rc1 Bf8 23. Nb6 Rc7 24. a4 Na7 25. Nxa7 Rxa7 26. Rc6 Rb7 27. Be5 h6 28. e3 1/2-1/2

[Event "Gibraltar Challengers-B 12th"]
[Site "Caleta"]
[Date "2014.02.05"]
[Round "5"]
[White "Rios Gonzalez, Jose Antonio"]
[Black "Samu, Sorin Mihai"]
[Result "0-1"]
[WhiteElo "1912"]
[BlackElo "2119"]
[PlyCount "53"]
[EventDate "2014.02.01"]
[EventType "swiss"]
[EventRounds "5"]
[EventCountry "GGB"]
[SourceTitle "CBM 158 Extra"]
[Source "ChessBase"]
[SourceDate "2014.02.28"]
[SourceVersion "1"]
[SourceVersionDate "2014.02.28"]
[SourceQuality "1"]

1. e4 d6 2. c4 Nf6 3. Nc3 c5 4. g3 Nc6 5. Bg2 g6 6. Nge2 Bg7 7. d3 0-0 8. h3 a6 9. a4 Rb8 10. Be3 e5 11. Qd2 Nd4 12. Rb1 Bd7 13. 0-0 Bxh3 14. f3 Bxg2 15. Kxg2 Qd7 16. Rh1 h5 17. b4 b5 18. axb5 axb5 19. Bxd4 cxd4 20. Nxb5 d5 21. Na3 dxe4 22. dxe4 Nh7 23. c5 f5 24. Qa2+ Kh8 25. Qd5 Qa4 26. Qb3 Qa8 27. Nc4 0-1

[Event "Gibraltar Masters 11th"]
[Site "Caleta"]
[Date "2013.01.30"]
[Round "9"]
[White "Compton, Alistair"]
[Black "Rios Gonzalez, Jose Antonio"]
[Result "1/2-1/2"]
[WhiteElo "2087"]
[BlackElo "1990"]
[PlyCount "101"]
[EventDate "2013.01.22"]
[EventType "swiss"]
[EventRounds "10"]
[EventCountry "GGB"]
[SourceTitle "CBM 153"]
[Source "ChessBase"]
[SourceDate "2013.03.14"]
[SourceVersion "1"]
[SourceVersionDate "2013.03.14"]
[SourceQuality "1"]

1. e4 e5 2. Nf3 Nc6 3. Nc3 Nf6 4. d4 d6 5. Bb5 exd4 6. Nxd4 Bd7 7. Bxc6 bxc6 8. 0-0 Be7 9. f4 0-0 10. h3 c5 11. Nb3 Bc6 12. Re1 Rb8 13. Nd5 Re8 14. c4 Bf8 15. Nd2 Bxd5 16. exd5 Qd7 17. Rf1 g6 18. f5 Bg7 19. fxg6 fxg6 20. Rb1 Qe7 21. Qf3 Nh5 22. Qd3 Bd4+ 23. Kh1 Qe5 24. Rf3 Qe1+ 25. Nf1 Rf8 26. Be3 Ng3+ 27. Rxg3 Rxf1+ 28. Qxf1 Qxg3 29. Bxd4 cxd4 30. Qf3 Qxf3 31. gxf3 Kf7 32. Kg2 Kf6 33. b3 Re8 34. Kf2 d3 35. Rb2 Ke5 36. Ke3 Kf5+ 37. Kxd3 Kf4 38. c5 Re3+ 39. Kc4 a6 40. b4 Ra3 41. b5 axb5+ 42. Kxb5 Rc3 43. cxd6 cxd6 44. Rb4+ Ke5 45. a4 Rxf3 46. a5 Rxh3 47. a6 Rf3 48. a7 Rf8 49. Kc6 Rc8+ 50. Kb7 Rf8 51. Rc4 1/2-1/2

[Event "Gibraltar Challengers-B 11th"]
[Site "Caleta"]
[Date "2013.01.26"]
[Round "1"]
[White "Sanchez Botella, Luis Javier"]
[Black "Rios Gonzalez, Jose Antonio"]
[Result "1-0"]
[WhiteElo "2208"]
[BlackElo "1978"]
[PlyCount "35"]
[EventDate "2013.01.26"]
[EventType "swiss"]
[EventRounds "5"]
[EventCountry "GGB"]
[SourceTitle "EXT 2014"]
[Source "ChessBase"]
[SourceDate "2013.11.20"]
[SourceVersion "1"]
[SourceVersionDate "2013.11.20"]
[SourceQuality "1"]

1. d4 d5 2. c4 c6 3. Nf3 Nf6 4. Nc3 e6 5. Bg5 h6 6. Bh4 dxc4 7. e4 g5 8. Bg3 b5 9. Be2 Bb7 10. Ne5 Nbd7 11. 0-0 a6 12. f4 g4 13. f5 c5 14. Nxf7 Kxf7 15. fxe6+ Kxe6 16. d5+ Kf7 17. e5 Bg7 18. Bxg4 1-0

[Event "Gibraltar Challengers-A 11th"]
[Site "Caleta"]
[Date "2013.01.21"]
[Round "1"]
[White "Jaunooby, Ali Reza"]
[Black "Rios Gonzalez, Jose Antonio"]
[Result "1-0"]
[WhiteElo "2178"]
[BlackElo "1978"]
[PlyCount "63"]
[EventDate "2013.01.21"]
[EventType "swiss"]
[EventRounds "5"]
[EventCountry "GGB"]
[SourceTitle "EXT 2014"]
[Source "ChessBase"]
[SourceDate "2013.11.20"]
[SourceVersion "1"]
[SourceVersionDate "2013.11.20"]
[SourceQuality "1"]

1. d4 d5 2. Nf3 Nf6 3. c4 c6 4. Qc2 e6 5. Bg5 Nbd7 6. e3 Be7 7. Nc3 0-0 8. 0-0-0 a6 9. e4 dxc4 10. Bxc4 b5 11. Bd3 g6 12. h4 Bb7 13. h5 Nxh5 14. Bh6 Re8 15. e5 Ng7 16. Qd2 Nf8 17. Bxg7 Kxg7 18. Qh6+ Kg8 19. Ne4 f5 20. exf6 Bxf6 21. Nc5 Qe7 22. Rde1 Rad8 23. Bc2 Bc8 24. Nd3 Rxd4 25. Nde5 Rc4 26. Nxc4 bxc4 27. Qf4 c3 28. Kb1 cxb2 29. Ne5 Bg7 30. Nxc6 Qb7 31. Be4 Qb6 32. Qd6 1-0

[Event "Gibraltar Challengers-A 10th"]
[Site "Caleta"]
[Date "2012.01.24"]
[Round "2"]
[White "Obiamiwe, Paul"]
[Black "Rios Gonzalez, Jose Antonio"]
[Result "1-0"]
[WhiteElo "1982"]
[BlackElo "2024"]
[PlyCount "89"]
[EventDate "2012.01.23"]
[EventType "swiss"]
[EventRounds "5"]
[EventCountry "GGB"]
[SourceTitle "CBM 146 Extra"]
[Source "ChessBase"]
[SourceDate "2012.02.29"]
[SourceVersion "1"]
[SourceVersionDate "2012.02.29"]
[SourceQuality "1"]

1. e4 e5 2. Nf3 Nc6 3. Bb5 a6 4. Ba4 Nf6 5. 0-0 Be7 6. Re1 b5 7. Bb3 0-0 8. a4 Bb7 9. c3 d6 10. d4 Na5 11. Bc2 c5 12. d5 Nc4 13. Qe2 Nd7 14. b3 Ncb6 15. a5 Nc8 16. Nbd2 f5 17. c4 bxc4 18. bxc4 f4 19. h3 Bf6 20. Rb1 Ra7 21. Nb3 Ne7 22. Nh2 Bc8 23. Bd2 g5 24. Qh5 Ng6 25. Ng4 Bg7 26. Nh6+ Bxh6 27. Qxh6 g4 28. hxg4 f3 29. Bg5 Qe8 30. gxf3 Rxf3 31. Bd1 Rf8 32. f3 Nf6 33. Rb2 Raf7 34. Rh2 Qd7 35. Nd2 Ne8 36. Nf1 Rxf3 37. Bxf3 Rxf3 38. Ne3 Qf7 39. Nf5 Bxf5 40. gxf5 Nf4 41. Bxf4 exf4 42. Rg2+ Kh8 43. e5 dxe5 44. Rxe5 Nf6 45. Qxf6+ 1-0

[Event "Cadiz op 17th"]
[Site "San Fernando"]
[Date "2003.07.18"]
[Round "2.8"]
[White "Garcia Jimenez, Francisco Javier"]
[Black "Rios Gonzalez, Jose Antonio"]
[Result "0-1"]
[WhiteElo "2210"]
[BlackElo "1977"]
[PlyCount "62"]
[EventDate "2003.07.18"]
[EventType "swiss"]
[EventRounds "8"]
[EventCountry "ESP"]
[SourceTitle "CBM 095 Extra"]
[Source "ChessBase"]
[SourceDate "2003.09.04"]
[SourceVersion "1"]
[SourceVersionDate "2003.09.04"]
[SourceQuality "1"]

1. e4 e5 2. d4 exd4 3. Qxd4 Nc6 4. Qe3 g6 5. Nc3 Bg7 6. Bd2 Nge7 7. 0-0-0 d6 8. Bc4 Be6 9. Bxe6 fxe6 10. Nf3 Qd7 11. h4 h6 12. h5 g5 13. Rhe1 0-0-0 14. Nb5 a6 15. Nbd4 e5 16. Ne2 Rhf8 17. c4 Qe6 18. b3 Qf7 19. Ng3 Nd4 20. Nxd4 exd4 21. Qe2 Qxf2 22. Qg4+ Kb8 23. Rf1 Qxg2 24. Qe6 Qxg3 25. Qxe7 Qe5 26. Rf7 Rxf7 27. Qxd8+ Ka7 28. Be1 Qxe4 29. Qg8 Qe7 30. Ba5 b6 31. Bb4 c5 0-1